• 首页
  • 本馆介绍
  • 公告通知
  • 最新文献
  • 馆藏检索
  • 电子资源
  • 读者导购
  • 参考咨询
  • 我的图书馆
  • 登录
  • 详细信息显示
  • 放入我的书架
  • 预约/预借图书
  • 作者相关作品
  • 分类相关作品
  • 丛书相关作品
  • 出版社相关作品

书目信息

  • 表格格式
  • 工作单格式
  • 卡片格式
题名:
GB/T27476.2-2014《检测实验室安全 第2部分:电气因素》理解与实施
    
 
作者: ;全国认证认可标准化技术委员会 , 中国合格评定国家认可中心 , 广东产品质量监督检验研究院 编著
分册:  
出版信息: 北京   中国标准出版社  2017.01
页数: 109页
开本: 28cm
丛书名:
单 册:
中图分类: TM08-65
科图分类:
主题词: 电工--安全
电子资源:
ISBN: 7-5066-8343-1
000 01201nam0 2200217 450
001 2254000488
005 20221010150253.58
010    @a7-5066-8343-1@dCNY25.00
100    @a20221010d2017 km y0chiy0120 ea
101 0  @achi
102    @aCN@b110000
200 1  @aGB/T27476.2-2014《检测实验室安全 第2部分:电气因素》理解与实施@AGB/T27476.2-2014《Jian Ce Shi Yan Shi An Quan Di 2 Bu Fen:Dian Qi Yin Su》Li Jie Yu Shi Shi@f全国认证认可标准化技术委员会,中国合格评定国家认可中心,广东产品质量监督检验研究院编著@FQuan Guo Ren Zheng Ren Ke Biao Zhun Hua Ji Shu Wei Yuan Hui,Zhong Guo He Ge Ping Ding Guo Jia Ren Ke Zhong Xin,Guang Dong Chan Pin Zhi Liang Jian Du Jian Yan Yan Jiu Yuan Bian Zhu
210    @a北京@c中国标准出版社@d2017.01
215    @a109页@d28cm
606 0  @a电工@x安全
690    @aTM08-65@v4
711 02 @a全国认证认可标准化技术委员会@AQuan Guo Ren Zheng Ren Ke Biao Zhun Hua Ji Shu Wei Yuan Hui@4编著
711 02 @a中国合格评定国家认可中心@AZhong Guo He Ge Ping Ding Guo Jia Ren Ke Zhong Xin@4编著
711 02 @a广东产品质量监督检验研究院@AGuang Dong Chan Pin Zhi Liang Jian Du Jian Yan Yan Jiu Yuan@4编著
801  0 @aCN@b大连网信软件有限公司图书馆·11@c20221010
905    @aZUCC@dTM08-65@e39
    
    GB/T27476.2-2014《检测实验室安全 第2部分:电气因素》理解与实施/全国认证认可标准化技术委员会,中国合格评定国家认可中心,广东产品质量监督检验研究院编著.-北京:中国标准出版社,2017.01
    109页;28cm
    
    
    ISBN 7-5066-8343-1:CNY25.00
    
●
相关链接 在E读中查询图书 在五车中查询图书 在当当中查询图书 在豆瓣中查询图书


正题名:GB/T27476.2-2014《检测实验室安全 第2部分:电气因素》理解与实施     索取号:TM08-65/39         预约/预借

序号 登录号 条形码 馆藏地/架位号 状态 备注
1 1052588   210525886   第二样本阅览室/ [索取号:TM08-65/39] 在馆    
唐山师范学院图书馆 欢迎您!
大连网信软件有限公司© 版权所有